000 01575nam a2200385 c 4500
003 BLK
005 20240619105618.0
008 180412b bul|||||r ||||||| ||bul||
010 _aKNG00001617000
020 _a970-954-625-632-4
_bиздат.: Фют - (грешен)
040 _aBLK
041 _aBUL
_cBUL
072 7 _2bullib
_aН85
_xДетска художествена литература Н
080 _aБългарска литература
_b821.163.2
_x-93-1
_z821.163.2-93-1
100 1 _aЦанков, Атанас Иванов
_eпърви автор
_9241962
700 1 _aГосподинова, Биляна Тодорова
_eхудож.
_9243273
139 _aЦанков, Атанас Иванов
_bЦ 17
245 1 0 _aКученцето Шарко
_cАтанас Иванов Цанков; худож. Биляна Тодорова Господинова.
257 _aBGR
260 София
_bФют
_c2010
300 _a20 с.
_bс цв. ил.
_c19Х19 см
380 _aDX
490 1 _aПоредица Приятели
500 _a1. изд. 1997 в поредицата Моята любима книжка.
653 _aстихотворения за деца
653 _aлитература за деца
653 _aдетска литература
659 _aН
852 _aЦб І 34524
856 4 _qpdf
_u
856 4 _qpdf
_u
942 _cKNG
_n0
_010
944 _aCR
_c11.12.2012
_lБояна Костадинова
_k30551
944 _aED
_c25.11.2014
_lф /
_kВиолета_Тройчева
999 _c908
_d908